[Event "DEM U8 2025"]
[Site "Willingen GER"]
[Date "2025.06.12"]
[Round "4"]
[White "Nilov, Nikita"]
[Black "Weller, Markus"]
[Result "0-1"]
[Termination "normal"]
[Board "10"]
[WhiteElo "1046"]
[BlackElo "1239"]
[WhiteClock "00:38:18"]
[BlackClock "00:41:05"]
[PlyCount "112"]
[BlackFideId "533033838"]
[EventCountry "GER"]
[EventRounds "7"]
[EventType "swiss"]
[EventDate "2025.06.10"]

1. d4 {[%clk 01:00:18]} {[%emt 00:01:35]} c6 {[%clk 01:00:18]} {[%emt
00:00:24]} 2. c4 {[%clk 01:00:22]} {[%emt 00:00:11]} d5 {[%clk 01:00:16]}
{[%emt 00:00:18]} 3. Nf3 {[%clk 01:00:23]} {[%emt 00:00:13]} Nf6 {[%clk
01:00:07]} {[%emt 00:00:25]} 4. Nc3 {[%clk 01:00:22]} {[%emt 00:00:16]} g6
{[%clk 00:59:51]} {[%emt 00:00:30]} 5. Bf4 {[%clk 01:00:15]} {[%emt 00:00:23]}
Bg7 {[%clk 00:59:53]} {[%emt 00:00:13]} 6. e3 {[%clk 01:00:09]} {[%emt
00:00:20]} Bf5 {[%clk 00:59:37]} {[%emt 00:00:32]} 7. cxd5 {[%clk 00:59:57]}
{[%emt 00:00:26]} cxd5 {[%clk 00:59:07]} {[%emt 00:00:45]} 8. Nb5 {[%clk
00:59:45]} {[%emt 00:00:25]} Na6 {[%clk 00:58:54]} {[%emt 00:00:31]} 9. Rc1
{[%clk 00:59:26]} {[%emt 00:00:32]} O-O {[%clk 00:57:54]} {[%emt 00:01:17]} 10.
Nc7 {[%clk 00:58:56]} {[%emt 00:00:43]} Nxc7 {[%clk 00:57:57]} {[%emt
00:00:14]} 11. Rxc7 {[%emt 00:00:43]} b6 {[%clk 00:57:22]} {[%emt 00:00:47]}
12. Bb5 {[%clk 00:58:07]} {[%emt 00:00:35]} a6 {[%clk 00:56:37]} {[%emt
00:01:04]} 13. Bc6 {[%clk 00:56:59]} {[%emt 00:01:22]} Rc8 {[%clk 00:55:42]}
{[%emt 00:01:11]} 14. Rxc8 {[%clk 00:56:47]} {[%emt 00:00:27]} Qxc8 {[%clk
00:55:49]} {[%emt 00:00:08]} 15. Ba4 {[%clk 00:56:33]} {[%emt 00:00:28]} Bg4
{[%clk 00:54:48]} {[%emt 00:01:16]} 16. h3 {[%clk 00:56:15]} {[%emt 00:00:32]}
Bf5 {[%emt 00:00:18]} 17. Nh4 {[%clk 00:55:17]} {[%emt 00:01:10]} Bd7 {[%clk
00:54:14]} {[%emt 00:00:51]} 18. Bxd7 {[%clk 00:54:04]} {[%emt 00:01:28]} Qxd7
{[%clk 00:54:00]} {[%emt 00:00:28]} 19. O-O {[%clk 00:53:37]} {[%emt 00:00:42]}
h6 {[%clk 00:53:35]} {[%emt 00:00:40]} 20. Bh2 {[%clk 00:53:03]} {[%emt
00:00:49]} Rc8 {[%clk 00:53:22]} {[%emt 00:00:29]} 21. Qd2 {[%clk 00:52:25]}
{[%emt 00:00:52]} Qc6 {[%clk 00:53:09]} {[%emt 00:00:29]} 22. Nf3 {[%clk
00:52:04]} {[%emt 00:00:35]} Ne4 {[%clk 00:52:48]} {[%emt 00:00:37]} 23. Qb4
{[%clk 00:51:21]} {[%emt 00:00:57]} Bf6 {[%clk 00:51:34]} {[%emt 00:01:30]} 24.
Bf4 {[%clk 00:50:49]} {[%emt 00:00:45]} g5 {[%clk 00:50:48]} {[%emt 00:01:02]}
25. Be5 {[%clk 00:50:22]} {[%emt 00:00:41]} Bxe5 {[%emt 00:00:40]} 26. Nxe5
{[%emt 00:00:11]} Qd6 {[%clk 00:50:05]} {[%emt 00:00:09]} 27. Qxd6 {[%clk
00:49:16]} {[%emt 00:01:20]} Nxd6 {[%clk 00:49:59]} {[%emt 00:00:22]} 28. f4
{[%clk 00:48:58]} {[%emt 00:00:28]} f6 {[%clk 00:50:02]} {[%emt 00:00:17]} 29.
Ng4 {[%clk 00:48:31]} {[%emt 00:00:41]} Kg7 {[%clk 00:49:15]} {[%emt 00:01:03]}
30. fxg5 {[%clk 00:47:52]} {[%emt 00:00:53]} hxg5 {[%clk 00:48:31]} {[%emt
00:00:59]} 31. g3 {[%clk 00:46:40]} {[%emt 00:01:26]} Ne4 {[%clk 00:47:31]}
{[%emt 00:01:17]} 32. Kg2 {[%clk 00:44:55]} {[%emt 00:01:57]} Rc2+ {[%clk
00:46:42]} {[%emt 00:01:06]} 33. Nf2 {[%clk 00:44:41]} {[%emt 00:00:28]} Kg6
{[%clk 00:46:15]} {[%emt 00:00:44]} 34. Kf3 {[%clk 00:43:28]} {[%emt 00:01:20]}
Nxf2 {[%clk 00:46:08]} {[%emt 00:00:29]} 35. Rxf2 {[%emt 00:00:18]} Rxf2+
{[%emt 00:00:04]} 36. Kxf2 {[%clk 00:42:55]} {[%emt 00:00:26]} Kh5 {[%clk
00:45:21]} {[%emt 00:01:04]} 37. Kf3 {[%clk 00:41:53]} {[%emt 00:01:16]} e6
{[%clk 00:45:09]} {[%emt 00:00:27]} 38. e4 {[%clk 00:41:10]} {[%emt 00:00:57]}
dxe4+ {[%clk 00:44:35]} {[%emt 00:00:49]} 39. Kxe4 {[%clk 00:41:05]} {[%emt
00:00:19]} Kg6 {[%clk 00:43:26]} {[%emt 00:01:26]} 40. g4 {[%clk 00:40:38]}
{[%emt 00:00:40]} b5 {[%clk 00:43:00]} {[%emt 00:00:42]} 41. d5 {[%clk
00:40:14]} {[%emt 00:00:39]} exd5+ {[%clk 00:41:55]} {[%emt 00:01:21]} 42. Kxd5
{[%clk 00:40:14]} {[%emt 00:00:13]} f5 {[%clk 00:41:56]} {[%emt 00:00:15]} 43.
Kc6 {[%clk 00:40:05]} {[%emt 00:00:22]} f4 {[%clk 00:42:04]} {[%emt 00:00:09]}
44. Kb6 {[%clk 00:40:05]} {[%emt 00:00:14]} f3 {[%clk 00:42:11]} {[%emt
00:00:09]} 45. Kxa6 {[%clk 00:39:39]} {[%emt 00:00:39]} f2 {[%clk 00:41:37]}
{[%emt 00:00:50]} 46. Kxb5 {[%clk 00:39:43]} {[%emt 00:00:11]} f1=Q+ {[%clk
00:41:33]} {[%emt 00:00:19]} 47. Kb4 {[%clk 00:39:33]} {[%emt 00:00:26]} Qxh3
{[%clk 00:41:25]} {[%emt 00:00:23]} 48. a4 {[%clk 00:39:36]} {[%emt 00:00:11]}
Qxg4+ {[%clk 00:41:30]} {[%emt 00:00:10]} 49. Kb5 {[%clk 00:39:28]} {[%emt
00:00:24]} Qd7+ {[%clk 00:41:28]} {[%emt 00:00:16]} 50. Kb4 {[%clk 00:39:27]}
{[%emt 00:00:16]} Qd4+ {[%clk 00:41:19]} {[%emt 00:00:26]} 51. Ka5 {[%clk
00:39:05]} {[%emt 00:00:37]} g4 {[%clk 00:40:40]} {[%emt 00:00:52]} 52. b4
{[%clk 00:38:46]} {[%emt 00:00:33]} g3 {[%clk 00:40:45]} {[%emt 00:00:12]} 53.
b5 {[%clk 00:38:45]} {[%emt 00:00:16]} g2 {[%clk 00:40:55]} {[%emt 00:00:04]}
54. b6 {[%clk 00:38:46]} {[%emt 00:00:14]} g1=Q {[%clk 00:41:05]} {[%emt
00:00:05]} 55. Kb5 {[%clk 00:38:23]} {[%emt 00:00:38]} Qc5+ {[%clk 00:41:05]}
{[%emt 00:00:16]} 56. Ka6 {[%clk 00:38:18]} {[%emt 00:00:19]} Qxb6# {[%emt
00:00:13]} 0-1

[Event "DEM U8 2025"]
[Site "Willingen GER"]
[Date "2025.06.12"]
[Round "4"]
[White "Obermeier, Vitus"]
[Black "Rohr, Leo Max"]
[Result "0-1"]
[Termination "normal"]
[Board "11"]
[WhiteElo "1313"]
[BlackElo "1160"]
[WhiteClock "00:00:16"]
[BlackClock "00:34:47"]
[PlyCount "108"]
[BlackFideId "533004340"]
[EventCountry "GER"]
[EventRounds "7"]
[EventType "swiss"]
[EventDate "2025.06.10"]

1. d4 {[%clk 01:00:28]} {[%emt 00:00:02]} c6 {[%clk 01:00:27]} {[%emt
00:00:03]} 2. e4 {[%clk 01:00:25]} {[%emt 00:00:18]} d5 {[%clk 01:00:39]}
{[%emt 00:00:03]} 3. e5 {[%clk 01:00:25]} {[%emt 00:00:15]} c5 {[%clk
01:00:42]} {[%emt 00:00:13]} 4. c3 {[%clk 01:00:09]} {[%emt 00:00:32]} e6
{[%clk 01:00:36]} {[%emt 00:00:20]} 5. Nf3 {[%clk 01:00:04]} {[%emt 00:00:19]}
Nc6 {[%clk 01:00:13]} {[%emt 00:00:38]} 6. Bb5 {[%clk 00:59:58]} {[%emt
00:00:21]} a6 {[%clk 01:00:15]} {[%emt 00:00:14]} 7. Bxc6+ {[%clk 00:59:34]}
{[%emt 00:00:39]} bxc6 {[%emt 00:00:17]} 8. O-O {[%clk 00:59:13]} {[%emt
00:00:27]} Ne7 {[%clk 01:00:23]} {[%emt 00:00:13]} 9. Bg5 {[%clk 00:58:49]}
{[%emt 00:00:39]} h6 {[%clk 01:00:31]} {[%emt 00:00:07]} 10. Bh4 {[%clk
00:58:54]} {[%emt 00:00:10]} Qc7 {[%clk 01:00:23]} {[%emt 00:00:23]} 11. Nbd2
{[%clk 00:58:14]} {[%emt 00:00:55]} Ng6 {[%clk 01:00:13]} {[%emt 00:00:25]} 12.
Bg3 {[%clk 00:58:11]} {[%emt 00:00:18]} Be7 {[%clk 01:00:14]} {[%emt 00:00:13]}
13. c4 {[%clk 00:57:49]} {[%emt 00:00:39]} Bb7 {[%clk 01:00:07]} {[%emt
00:00:21]} 14. Qc2 {[%clk 00:57:26]} {[%emt 00:00:38]} O-O {[%clk 00:59:51]}
{[%emt 00:00:31]} 15. Rad1 {[%clk 00:56:39]} {[%emt 00:01:02]} Rab8 {[%clk
00:58:36]} {[%emt 00:01:30]} 16. Rfe1 {[%clk 00:56:10]} {[%emt 00:00:43]} Rfc8
{[%clk 00:56:56]} {[%emt 00:01:56]} 17. Qc3 {[%clk 00:55:41]} {[%emt 00:00:42]}
Qd7 {[%clk 00:55:34]} {[%emt 00:01:39]} 18. Re3 {[%clk 00:55:06]} {[%emt
00:00:47]} Qe8 {[%clk 00:54:58]} {[%emt 00:00:53]} 19. Ne1 {[%clk 00:54:56]}
{[%emt 00:00:22]} Bg5 {[%clk 00:53:40]} {[%emt 00:01:36]} 20. Rf3 {[%clk
00:54:53]} {[%emt 00:00:20]} dxc4 {[%emt 00:00:34]} 21. Nxc4 {[%clk 00:54:54]}
{[%emt 00:00:10]} cxd4 {[%clk 00:53:10]} {[%emt 00:00:29]} 22. Rxd4 {[%clk
00:54:38]} {[%emt 00:00:30]} c5 {[%emt 00:01:10]} 23. Rdd3 {[%clk 00:53:20]}
{[%emt 00:00:45]} Be4 {[%clk 00:52:40]} {[%emt 00:00:34]} 24. Nd6 {[%clk
00:53:29]} {[%emt 00:00:12]} Qc6 {[%clk 00:52:21]} {[%emt 00:00:33]} 25. Nxc8
{[%clk 00:52:59]} {[%emt 00:00:46]} Rxc8 {[%clk 00:52:22]} {[%emt 00:00:13]}
26. Rd6 {[%clk 00:52:42]} {[%emt 00:00:31]} Qb7 {[%clk 00:52:04]} {[%emt
00:00:34]} 27. Qd2 {[%clk 00:52:18]} {[%emt 00:00:40]} Bxd2 {[%clk 00:52:10]}
{[%emt 00:00:09]} 28. Rb3 {[%clk 00:51:37]} {[%emt 00:00:56]} Qc7 {[%clk
00:51:30]} {[%emt 00:00:54]} 29. Rxd2 {[%clk 00:51:17]} {[%emt 00:00:36]} Rd8
{[%clk 00:50:31]} {[%emt 00:01:14]} 30. Rxd8+ {[%clk 00:51:06]} {[%emt
00:00:25]} Qxd8 {[%clk 00:50:31]} {[%emt 00:00:16]} 31. f4 {[%clk 00:50:54]}
{[%emt 00:00:26]} Ne7 {[%clk 00:48:26]} {[%emt 00:02:17]} 32. f5 {[%clk
00:50:52]} {[%emt 00:00:18]} Nxf5 {[%clk 00:47:34]} {[%emt 00:01:09]} 33. Bf2
{[%clk 00:50:52]} {[%emt 00:00:14]} Nd4 {[%clk 00:46:53]} {[%emt 00:00:57]} 34.
Ra3 {[%clk 00:50:01]} {[%emt 00:01:05]} a5 {[%clk 00:46:30]} {[%emt 00:00:39]}
35. Bxd4 {[%clk 00:48:58]} {[%emt 00:01:18]} Qxd4+ {[%clk 00:46:03]} {[%emt
00:00:43]} 36. Kf1 {[%clk 00:47:56]} {[%emt 00:01:16]} Qb4 {[%clk 00:43:40]}
{[%emt 00:02:37]} 37. Rb3 {[%clk 00:47:57]} {[%emt 00:00:16]} Qc4+ {[%clk
00:43:29]} {[%emt 00:00:26]} 38. Kg1 {[%clk 00:47:46]} {[%emt 00:00:25]} Qd4+
{[%clk 00:43:29]} {[%emt 00:00:16]} 39. Kf1 {[%clk 00:46:37]} {[%emt 00:01:22]}
Qxe5 {[%clk 00:43:37]} {[%emt 00:00:08]} 40. g3 {[%clk 00:45:47]} {[%emt
00:01:04]} Qd6 {[%clk 00:41:11]} {[%emt 00:02:42]} 41. Rc3 {[%clk 00:27:44]}
{[%emt 00:18:19]} c4 {[%clk 00:39:32]} {[%emt 00:01:54]} 42. b3 {[%clk
00:20:00]} {[%emt 00:07:59]} Qa6 {[%clk 00:36:31]} {[%emt 00:03:14]} 43. bxc4
{[%clk 00:10:59]} {[%emt 00:09:18]} Bd5 {[%clk 00:36:12]} {[%emt 00:00:33]} 44.
Kg1 {[%clk 00:07:27]} {[%emt 00:03:46]} Bxc4 {[%clk 00:35:47]} {[%emt
00:00:41]} 45. Rc2 {[%clk 00:05:29]} {[%emt 00:02:14]} Qb6+ {[%clk 00:35:20]}
{[%emt 00:00:42]} 46. Kg2 {[%emt 00:00:37]} Qb7+ {[%clk 00:34:02]} {[%emt
00:01:31]} 47. Nf3 {[%clk 00:04:21]} {[%emt 00:01:03]} Bd5 {[%clk 00:34:02]}
{[%emt 00:00:14]} 48. Rf2 {[%clk 00:03:46]} {[%emt 00:00:48]} e5 {[%clk
00:33:59]} {[%emt 00:00:19]} 49. Kg1 {[%clk 00:03:31]} {[%emt 00:00:30]} Bxf3
{[%emt 00:00:12]} 50. h4 {[%clk 00:02:54]} {[%emt 00:00:49]} Qb6 {[%clk
00:34:12]} {[%emt 00:00:10]} 51. a3 {[%clk 00:00:44]} {[%emt 00:02:24]} a4
{[%clk 00:34:26]} {[%emt 00:00:01]} 52. g4 {[%clk 00:00:38]} {[%emt 00:00:21]}
g5 {[%clk 00:34:33]} {[%emt 00:00:07]} 53. hxg5 {[%clk 00:00:31]} {[%emt
00:00:23]} hxg5 {[%clk 00:34:47]} {[%emt 00:00:01]} 54. Kh2 {[%clk 00:00:16]}
{[%emt 00:00:30]} Qxf2+ {[%emt 00:00:06]} 0-1

[Event "DEM U8 2025"]
[Site "Willingen GER"]
[Date "2025.06.12"]
[Round "4"]
[White "Rieland, Hannes"]
[Black "Stein, Fabian"]
[Result "1-0"]
[Termination "normal"]
[Board "13"]
[WhiteElo "1487"]
[BlackElo "1139"]
[WhiteClock "00:08:56"]
[BlackClock "00:19:53"]
[PlyCount "121"]
[WhiteFideId "533022208"]
[EventCountry "GER"]
[EventRounds "7"]
[EventType "swiss"]
[EventDate "2025.06.10"]

1. e4 {[%clk 01:00:27]} {[%emt 00:00:02]} c6 {[%clk 01:00:25]} {[%emt
00:00:05]} 2. d4 {[%clk 01:00:38]} {[%emt 00:00:05]} d5 {[%clk 01:00:31]}
{[%emt 00:00:07]} 3. exd5 {[%clk 01:00:47]} {[%emt 00:00:08]} cxd5 {[%clk
01:00:34]} {[%emt 00:00:10]} 4. Nc3 {[%clk 01:00:42]} {[%emt 00:00:21]} a6
{[%clk 01:00:10]} {[%emt 00:00:31]} 5. Nf3 {[%clk 01:00:20]} {[%emt 00:00:45]}
Nc6 {[%clk 01:00:00]} {[%emt 00:00:15]} 6. Bd3 {[%clk 00:59:35]} {[%emt
00:01:11]} Bg4 {[%clk 00:59:40]} {[%emt 00:00:22]} 7. O-O {[%clk 00:58:20]}
{[%emt 00:01:42]} Nxd4 {[%clk 00:58:03]} {[%emt 00:01:53]} 8. Be2 {[%clk
00:55:10]} {[%emt 00:03:24]} Nxe2+ {[%clk 00:57:51]} {[%emt 00:00:28]} 9. Qxe2
{[%clk 00:55:10]} {[%emt 00:00:15]} e6 {[%clk 00:57:44]} {[%emt 00:00:21]} 10.
Rd1 {[%clk 00:54:17]} {[%emt 00:01:07]} Nf6 {[%clk 00:57:11]} {[%emt 00:00:49]}
11. Bg5 {[%clk 00:53:41]} {[%emt 00:00:51]} d4 {[%clk 00:55:55]} {[%emt
00:01:31]} 12. h3 {[%clk 00:51:16]} {[%emt 00:02:40]} Bh5 {[%clk 00:55:18]}
{[%emt 00:00:50]} 13. Rd2 {[%clk 00:47:18]} {[%emt 00:04:15]} Be7 {[%clk
00:54:57]} {[%emt 00:00:36]} 14. Rad1 {[%clk 00:46:22]} {[%emt 00:01:10]} Qb6
{[%clk 00:53:12]} {[%emt 00:02:01]} 15. Na4 {[%clk 00:44:29]} {[%emt 00:02:09]}
Qc6 {[%clk 00:51:30]} {[%emt 00:01:50]} 16. Rxd4 {[%clk 00:43:08]} {[%emt
00:01:43]} h6 {[%clk 00:49:40]} {[%emt 00:02:04]} 17. Bh4 {[%clk 00:42:22]}
{[%emt 00:01:01]} b5 {[%clk 00:44:54]} {[%emt 00:04:57]} 18. Nc3 {[%clk
00:41:21]} {[%emt 00:01:21]} O-O {[%clk 00:43:14]} {[%emt 00:01:52]} 19. Ne4
{[%clk 00:32:11]} {[%emt 00:09:28]} Nxe4 {[%clk 00:40:19]} {[%emt 00:03:10]}
20. Qxe4 {[%clk 00:31:05]} {[%emt 00:01:20]} Qxe4 {[%clk 00:38:44]} {[%emt
00:01:51]} 21. Rxe4 {[%clk 00:31:04]} {[%emt 00:00:15]} Bxf3 {[%clk 00:38:29]}
{[%emt 00:00:29]} 22. gxf3 {[%clk 00:30:23]} {[%emt 00:00:57]} Bxh4 {[%clk
00:37:56]} {[%emt 00:00:47]} 23. Rxh4 {[%clk 00:30:22]} {[%emt 00:00:18]} Rac8
{[%clk 00:37:35]} {[%emt 00:00:34]} 24. c3 {[%clk 00:30:06]} {[%emt 00:00:33]}
Rfd8 {[%clk 00:36:25]} {[%emt 00:01:24]} 25. Rxd8+ {[%clk 00:29:45]} {[%emt
00:00:37]} Rxd8 {[%emt 00:05:10]} 26. Rd4 {[%clk 00:25:14]} {[%emt 00:00:28]}
Rc8 {[%clk 00:34:13]} {[%emt 00:01:42]} 27. b3 {[%clk 00:24:30]} {[%emt
00:01:07]} Rxc3 {[%clk 00:34:02]} {[%emt 00:00:25]} 28. Rd8+ {[%clk 00:23:30]}
{[%emt 00:01:15]} Kh7 {[%clk 00:34:11]} {[%emt 00:00:07]} 29. Ra8 {[%clk
00:23:39]} {[%emt 00:00:05]} Rxf3 {[%clk 00:34:20]} {[%emt 00:00:07]} 30. Kg2
{[%clk 00:23:40]} {[%emt 00:00:14]} Rd3 {[%clk 00:34:11]} {[%emt 00:00:23]} 31.
Rxa6 {[%clk 00:23:43]} {[%emt 00:00:13]} Kg6 {[%clk 00:33:53]} {[%emt
00:00:24]} 32. Ra5 {[%clk 00:23:41]} {[%emt 00:00:27]} Rd5 {[%clk 00:33:54]}
{[%emt 00:00:13]} 33. a4 {[%clk 00:23:32]} {[%emt 00:00:24]} Kf6 {[%clk
00:33:06]} {[%emt 00:01:03]} 34. Rxb5 {[%clk 00:16:33]} {[%emt 00:07:14]} Rxb5
{[%clk 00:33:08]} {[%emt 00:00:13]} 35. axb5 {[%clk 00:16:37]} {[%emt
00:00:11]} Ke7 {[%clk 00:33:17]} {[%emt 00:00:06]} 36. Kf3 {[%clk 00:16:49]}
{[%emt 00:00:01]} Kd6 {[%clk 00:33:23]} {[%emt 00:00:11]} 37. Ke3 {[%clk
00:16:38]} {[%emt 00:00:26]} Kc5 {[%clk 00:33:34]} {[%emt 00:00:04]} 38. Kd3
{[%clk 00:16:47]} {[%emt 00:00:06]} Kxb5 {[%clk 00:33:41]} {[%emt 00:00:08]}
39. Kc3 {[%clk 00:17:00]} {[%emt 00:00:02]} Kc5 {[%clk 00:33:48]} {[%emt
00:00:09]} 40. b4+ {[%clk 00:17:14]} {[%emt 00:00:02]} Kb5 {[%clk 00:33:51]}
{[%emt 00:00:12]} 41. Kb3 {[%clk 00:16:35]} {[%emt 00:00:53]} e5 {[%clk
00:33:58]} {[%emt 00:00:08]} 42. f3 {[%clk 00:16:38]} {[%emt 00:00:12]} f5
{[%clk 00:34:07]} {[%emt 00:00:06]} 43. Kc3 {[%clk 00:16:28]} {[%emt 00:00:25]}
g5 {[%clk 00:34:07]} {[%emt 00:00:14]} 44. Kb3 {[%clk 00:15:17]} {[%emt
00:01:27]} h5 {[%clk 00:34:10]} {[%emt 00:00:11]} 45. Kc3 {[%clk 00:15:28]}
{[%emt 00:00:06]} g4 {[%clk 00:33:54]} {[%emt 00:00:30]} 46. fxg4 {[%clk
00:14:42]} {[%emt 00:01:01]} Kc6 {[%clk 00:29:13]} {[%emt 00:04:56]} 47. gxf5
{[%clk 00:14:45]} {[%emt 00:00:11]} e4 {[%clk 00:29:14]} {[%emt 00:00:15]} 48.
Kd4 {[%clk 00:14:54]} {[%emt 00:00:07]} Kd6 {[%clk 00:28:35]} {[%emt 00:00:54]}
49. Kxe4 {[%clk 00:12:33]} {[%emt 00:02:35]} Ke7 {[%clk 00:27:06]} {[%emt
00:01:43]} 50. b5 {[%clk 00:10:16]} {[%emt 00:02:33]} Kf6 {[%clk 00:25:14]}
{[%emt 00:02:07]} 51. b6 {[%clk 00:09:25]} {[%emt 00:01:07]} Kg5 {[%clk
00:22:28]} {[%emt 00:02:52]} 52. Kf3 {[%clk 00:09:24]} {[%emt 00:00:25]} Kxf5
{[%clk 00:22:26]} {[%emt 00:00:17]} 53. b7 {[%clk 00:09:29]} {[%emt 00:00:10]}
Ke5 {[%clk 00:21:50]} {[%emt 00:00:37]} 54. b8=Q+ {[%clk 00:09:40]} {[%emt
00:00:18]} Kd5 {[%clk 00:20:37]} {[%emt 00:01:18]} 55. Qf4 {[%clk 00:09:21]}
{[%emt 00:00:34]} Kc5 {[%clk 00:20:42]} {[%emt 00:00:20]} 56. Qe4 {[%clk
00:09:24]} {[%emt 00:00:13]} Kb5 {[%clk 00:19:54]} {[%emt 00:01:00]} 57. Qd4
{[%clk 00:09:29]} {[%emt 00:00:13]} Kc6 {[%clk 00:19:49]} {[%emt 00:00:18]} 58.
Qe5 {[%clk 00:09:32]} {[%emt 00:00:14]} Kb6 {[%clk 00:19:42]} {[%emt 00:00:21]}
59. Qd5 {[%clk 00:09:43]} {[%emt 00:00:05]} Kc7 {[%clk 00:19:47]} {[%emt
00:00:10]} 60. Qe6 {[%emt 00:00:09]} Kb7 {[%clk 00:19:53]} {[%emt 00:00:07]}
61. Qd6 {[%clk 00:08:56]} {[%emt 00:01:10]} Kc8 {[%emt 00:00:24]} 62. Qe7
{[%clk 00:09:02]} {[%emt 00:00:08]} Kb8 {[%clk 00:19:53]} {[%emt 00:00:07]} 63.
Qd7 {[%clk 00:09:11]} {[%emt 00:00:06]} Ka8 {[%clk 00:18:26]} {[%emt 00:01:43]}
64. Ke4 {[%clk 00:09:14]} {[%emt 00:00:11]} Kb8 {[%clk 00:18:34]} {[%emt
00:00:07]} 65. Kd5 {[%clk 00:09:28]} {[%emt 00:00:01]} Ka8 {[%clk 00:18:40]}
{[%emt 00:00:09]} 66. Kc6 {[%clk 00:09:35]} {[%emt 00:00:08]} Kb8 {[%clk
00:18:54]} {[%emt 00:00:02]} 67. Qb7# {[%clk 00:09:41]} {[%emt 00:00:08]} 1-0